[Event "FIDE World Blitz-ch Women 2018"]
[Site "St. Petersburg"]
[Date "2018.12.30"]
[Round "11.58"]
[White "Doan, Thi Van Anh"]
[Black "Diakonova, Ekaterina"]
[Result "0-1"]
[WhiteElo "1950"]
[BlackElo "2225"]
[Annotator "NA"]
[PlyCount "104"]
[EventDate "2018.12.19"]
[EventType "swiss"]
[EventCountry "RUS"]
[SourceTitle "playchess.com"]
[Source "ChessBase"]
[SourceQuality "1"]

1. d4 Nf6 2. c4 c5 3. d5 b5 4. cxb5 a6 5. bxa6 g6 6. Nc3 Bg7 7. e4 O-O 8. Nf3 Qa5 9. Bd3 Nxd5 10. O-O Nxc3 11. bxc3 Bxc3 12. Bh6 Bg7 13. Bxg7 Kxg7 14. h4 Bxa6 15. Bxa6 Rxa6 16. Qd5 e6 17. Qe5+ f6 18. Qf4 e5 19. Qg4 Qb6 20. h5 Qe6 21. Qh4 Nc6 22. g3 Nd4 23. Nxd4 exd4 24. hxg6 hxg6 25. Rfe1 Rh8 26. Qf4 Qh3 27. Qf3 Qh2+ 28. Kf1 Qh1+ 29. Qxh1 Rxh1+ 30. Kg2 Rxe1 31. Rxe1 Rxa2 32. Rc1 d6 33. Rb1 Kf7 34. Kf3 Ke6 35. Rb6 Ke5 36. Rb8 Ra3+ 37. Ke2 Kxe4 38. Rf8 d3+ 39. Kd2 Kd4 40. Rxf6 Ra2+ 41. Ke1 Kc3 42. Rxd6 c4 43. f4 Rg2 44. Rxg6 d2+ 45. Kf1 Rh2 46. Kg1 Re2 47. Rd6 Re1+ 48. Kf2 d1=Q 49. Rxd1 Rxd1 50. f5 Kd4 51. f6 Ke5 52. f7 Rd8 0-1

[Event "FIDE World Blitz-ch Women 2018"]
[Site "St. Petersburg"]
[Date "2018.12.30"]
[Round "11.59"]
[White "Loskutova, Viktoriya"]
[Black "Kosteniuk, Oksana"]
[Result "1-0"]
[WhiteElo "2105"]
[BlackElo "2096"]
[Annotator "NA"]
[PlyCount "93"]
[EventDate "2018.12.19"]
[EventType "swiss"]
[EventCountry "RUS"]
[SourceTitle "playchess.com"]
[Source "ChessBase"]
[SourceQuality "1"]

1. e4 d5 2. exd5 Qxd5 3. Nc3 Qd6 4. Nf3 Nf6 5. d4 c6 6. Ne5 Nbd7 7. f4 Nd5 8. Nxd5 Qxd5 9. c4 Qe4+ 10. Qe2 Qxe2+ 11. Bxe2 Nxe5 12. fxe5 Bf5 13. O-O e6 14. Be3 O-O-O 15. a3 a5 16. Rac1 Kc7 17. d5 Bg6 18. d6+ Kd7 19. Bb6 Ra8 20. c5 h5 21. Ra1 Bf5 22. b4 a4 23. b5 g5 24. bxc6+ bxc6 25. Bc4 Bg7 26. Rfe1 Rhb8 27. Ra2 Rb7 28. Rf2 Rbb8 29. h3 Rf8 30. Rb2 Bg6 31. Bc7 f5 32. exf6 Bxf6 33. Bxe6+ Ke8 34. Rb7 Bd4+ 35. Kh1 Rf2 36. Bb6 Bf5 37. Bxf5+ Kf8 38. Bg6 Rf6 39. Bd3 Bc3 40. Rf1 Rxf1+ 41. Bxf1 Bf6 42. Rh7 Kg8 43. Rc7 g4 44. d7 Bd8 45. Rc8 Kf7 46. Rxa8 Ke7 47. Bxd8+ 1-0

[Event "FIDE World Blitz-ch Women 2018"]
[Site "St. Petersburg"]
[Date "2018.12.30"]
[Round "11.60"]
[White "Komiagina, Maria"]
[Black "Utiatskaja, Irina"]
[Result "0-1"]
[WhiteElo "2234"]
[BlackElo "2246"]
[Annotator "NA"]
[PlyCount "114"]
[EventDate "2018.12.19"]
[EventType "swiss"]
[EventCountry "RUS"]
[SourceTitle "playchess.com"]
[Source "ChessBase"]
[SourceQuality "1"]

1. e4 c5 2. Nf3 d6 3. d4 cxd4 4. Nxd4 Nf6 5. Nc3 a6 6. Bc4 e6 7. Bb3 Nbd7 8. O-O b5 9. f4 Bb7 10. Re1 Nb6 11. a3 Be7 12. f5 e5 13. Nf3 O-O 14. Bg5 Rc8 15. Kh1 Nfd7 16. Bxe7 Qxe7 17. Qd2 Nc5 18. Rad1 Nxb3 19. cxb3 Rfd8 20. Qe3 Nd7 21. b4 Nf6 22. Rd2 Rc4 23. Qd3 h6 24. h3 Nh5 25. Red1 Ng3+ 26. Kh2 Nxe4 27. Nxe4 Bxe4 28. Qe3 Bxf3 29. Qxf3 Rf4 30. Qc6 Rxf5 31. Rxd6 Rxd6 32. Rxd6 Kh7 33. Rd7 Qg5 34. Qe4 Qf4+ 35. Qxf4 Rxf4 36. Re7 f6 37. Re6 Rf2 38. Rxa6 Rxb2 39. Rb6 Rb3 40. Rxb5 Rxa3 41. Rb7 Rb3 42. b5 e4 43. Kg1 Rb2 44. Kf1 Kg6 45. g3 f5 46. Rb6+ Kg5 47. Rb7 Kf6 48. Rb6+ Ke5 49. Rb7 g5 50. b6 f4 51. Re7+ Kd4 52. b7 Ke3 53. Rf7 Kf3 54. Ke1 e3 55. gxf4 gxf4 56. Kd1 e2+ 57. Ke1 Rb1+ 0-1

[Event "FIDE World Blitz-ch Women 2018"]
[Site "St. Petersburg"]
[Date "2018.12.30"]
[Round "11.61"]
[White "Tomashevskaya, Lidia"]
[Black "Stetsko, Lanita"]
[Result "1-0"]
[WhiteElo "2123"]
[BlackElo "2194"]
[Annotator "NA"]
[PlyCount "59"]
[EventDate "2018.12.19"]
[EventType "swiss"]
[EventCountry "RUS"]
[SourceTitle "playchess.com"]
[Source "ChessBase"]
[SourceQuality "1"]

1. e4 e5 2. Nf3 Nc6 3. Bb5 a6 4. Ba4 Nf6 5. O-O Be7 6. Re1 d6 7. c3 Bg4 8. h3 Bh5 9. d3 Nd7 10. Nbd2 Nc5 11. Bc2 Ne6 12. Nf1 Ng5 13. N1h2 Qd7 14. Bxg5 Bxf3 15. Nxf3 Bxg5 16. Nxg5 h6 17. Nf3 g5 18. d4 g4 19. hxg4 Qxg4 20. Nh2 Qg5 21. Qg4 Qf6 22. Qf5 Qg7 23. Ng4 Kf8 24. dxe5 dxe5 25. Bb3 Ne7 26. Qf3 Rd8 27. Rad1 Rd6 28. Rxd6 cxd6 29. Rd1 Qg6 30. Rxd6 1-0

[Event "FIDE World Blitz-ch Women 2018"]
[Site "St. Petersburg"]
[Date "2018.12.30"]
[Round "12.1"]
[White "Goryachkina, Aleksandra"]
[Black "Lagno, Kateryna"]
[Result "1/2-1/2"]
[WhiteElo "2518"]
[BlackElo "2560"]
[Annotator "ChessBase"]
[PlyCount "131"]
[EventDate "2018.12.19"]
[EventType "swiss"]
[EventCountry "RUS"]
[SourceTitle "playchess.com"]
[Source "ChessBase"]
[SourceQuality "1"]

1. e4 d6 2. d4 g6 3. c4 Nf6 4. Nc3 Bg7 5. f3 O-O 6. Nge2 c5 7. Be3 Nc6 8. d5 Ne5 9. Ng3 e6 10. Be2 exd5 11. cxd5 b5 12. Nxb5 Rb8 13. O-O a6 14. Na3 Rxb2 15. Rb1 Rxb1 16. Qxb1 Qa5 17. Nc4 Nxc4 18. Bxc4 Bd7 19. Bf4 Ne8 20. Ne2 Bb5 21. Qc2 Qb4 22. Bxb5 axb5 23. Rb1 Qa5 24. Bd2 b4 25. h4 Nc7 26. h5 Nb5 27. Re1 Ra8 28. Nc1 gxh5 29. Qd3 Nd4 30. f4 Qa3 31. Qf1 Nc2 32. Re2 Qg3 33. e5 dxe5 34. f5 Bf6 35. Bh6 e4 36. Rxc2 Bd4+ 37. Rf2 c4 38. d6 b3 39. axb3 cxb3 40. Nxb3 Qxb3 41. Kh2 Bxf2 42. Qxf2 Qd3 43. Qf4 f6 44. d7 Rd8 45. Qc7 Qxd7 46. Qc4+ Kh8 47. Qxe4 Qd6+ 48. Bf4 Qd7 49. Bh6 Qd6+ 50. Bf4 Qd7 51. Bh6 Re8 52. Qf3 Qd6+ 53. Bf4 Qd7 54. Bg3 Qf7 55. Bh4 Qc7+ 56. Bg3 Qf7 57. Bh4 Rg8 58. Qc6 Rf8 59. Qd6 Qg7 60. Qc6 h6 61. Qd6 Kh7 62. Qc6 Qf7 63. Qd6 Qg7 64. Qc6 Qf7 65. Qd6 Qg7 66. Qc6 1/2-1/2

[Event "FIDE World Blitz-ch Women 2018"]
[Site "St. Petersburg"]
[Date "2018.12.30"]
[Round "12.2"]
[White "Gunina, Valentina"]
[Black "Khademalsharieh, Sarasadat"]
[Result "1/2-1/2"]
[WhiteElo "2496"]
[BlackElo "2470"]
[Annotator "ChessBase"]
[PlyCount "128"]
[EventDate "2018.12.19"]
[EventType "swiss"]
[EventCountry "RUS"]
[SourceTitle "playchess.com"]
[Source "ChessBase"]
[SourceQuality "1"]

1. d4 Nf6 2. c4 e6 3. Nf3 d5 4. g3 Bb4+ 5. Bd2 Bd6 6. Bg2 O-O 7. c5 Be7 8. O-O b6 9. Qc2 Ne4 10. Be3 Na6 11. Ne5 bxc5 12. Nc6 Qe8 13. Nxe7+ Qxe7 14. dxc5 Nexc5 15. b4 Ne4 16. a3 Qf6 17. Nd2 Nxd2 18. Bxd2 Bd7 19. Bc3 Qg6 20. e4 c6 21. Be5 Rfc8 22. Rac1 Nc7 23. f4 Ne8 24. f5 exf5 25. exf5 Qh6 26. Rce1 Nd6 27. f6 Nc4 28. Bd4 g6 29. Re7 Bf5 30. Qe2 Qd2 31. Qxd2 Nxd2 32. Rc1 Nc4 33. a4 Re8 34. Bf1 Be6 35. b5 cxb5 36. axb5 Reb8 37. Ra1 Rxb5 38. Raxa7 Rf8 39. Reb7 Rxb7 40. Rxb7 Nd6 41. Rb2 Ne4 42. Kg2 h5 43. Bd3 Rc8 44. Kf3 Bf5 45. Kf4 Nd6 46. Be2 Be6 47. Rb6 Nf5 48. Be5 Rc2 49. Bd3 Rxh2 50. Kg5 Rd2 51. Bb1 Kh7 52. Rb7 Re2 53. Bf4 d4 54. Bd3 Rg2 55. Be4 Rg1 56. Bxf5 gxf5 57. Kxh5 d3 58. Rb8 Rg2 59. Rd8 Bc4 60. Kg5 Be6 61. Rxd3 Rh2 62. Bd6 Rh6 63. Be7 Rg6+ 64. Kf4 Rg4+ 1/2-1/2

[Event "FIDE World Blitz-ch Women 2018"]
[Site "St. Petersburg"]
[Date "2018.12.30"]
[Round "12.3"]
[White "Galliamova, Alisa"]
[Black "Lei, Tingjie"]
[Result "1/2-1/2"]
[WhiteElo "2444"]
[BlackElo "2453"]
[Annotator "ChessBase"]
[PlyCount "124"]
[EventDate "2018.12.19"]
[EventType "swiss"]
[EventCountry "RUS"]
[SourceTitle "playchess.com"]
[Source "ChessBase"]
[SourceQuality "1"]

1. d4 Nf6 2. Nf3 e6 3. g3 c5 4. c3 b6 5. Bg2 Bb7 6. O-O Be7 7. Re1 O-O 8. Nbd2 d5 9. Ne5 Nc6 10. Ndf3 Nxe5 11. Nxe5 Nd7 12. Nxd7 Qxd7 13. dxc5 Bxc5 14. e4 d4 15. cxd4 Qxd4 16. Be3 Qxd1 17. Raxd1 Bxe3 18. Rxe3 Rac8 19. Rc3 Rxc3 20. bxc3 Bc6 21. e5 Bb5 22. Bf1 Bxf1 23. Kxf1 Rc8 24. Rd7 a5 25. Rb7 h5 26. Rxb6 Rxc3 27. Rb5 Ra3 28. Rb2 g5 29. h3 Kg7 30. Kg2 g4 31. hxg4 hxg4 32. Re2 Kg6 33. Re4 Kf5 34. Re2 Rc3 35. Re1 Rc2 36. Rb1 Rxa2 37. Rb7 Kg6 38. Rc7 a4 39. Rc4 Kf5 40. Rf4+ Kxe5 41. Rxf7 a3 42. Rg7 Kf5 43. Rf7+ Ke4 44. Rf4+ Kd3 45. Rxg4 Rc2 46. Ra4 a2 47. g4 Kc3 48. Ra6 Kb2 49. Rb6+ Kc1 50. Ra6 Kb1 51. Rb6+ Rb2 52. Rxe6 a1=Q 53. Re1+ Ka2 54. Rxa1+ Kxa1 55. g5 Rb4 56. Kg3 Kb2 57. f4 Kc3 58. g6 Kd4 59. Kg4 Ke4 60. g7 Rb1 61. Kg5 Rg1+ 62. Kf6 Kxf4 1/2-1/2

[Event "FIDE World Blitz-ch Women 2018"]
[Site "St. Petersburg"]
[Date "2018.12.30"]
[Round "12.4"]
[White "Garifullina, Leya"]
[Black "Harika, Dronavalli"]
[Result "1-0"]
[WhiteElo "2132"]
[BlackElo "2494"]
[Annotator "ChessBase"]
[PlyCount "133"]
[EventDate "2018.12.19"]
[EventType "swiss"]
[EventCountry "RUS"]
[SourceTitle "playchess.com"]
[Source "ChessBase"]
[SourceQuality "1"]

1. e4 e6 2. d4 d5 3. Nc3 Bb4 4. e5 c5 5. a3 Bxc3+ 6. bxc3 Ne7 7. Qg4 Qc7 8. Qxg7 Rg8 9. Qxh7 cxd4 10. Ne2 Nbc6 11. f4 dxc3 12. Qd3 d4 13. Rb1 Bd7 14. Nxd4 Nxd4 15. Qxd4 Nf5 16. Qf2 Qc6 17. Rg1 Qe4+ 18. Qe2 Qd4 19. Qf2 Qe4+ 20. Qe2 Qd4 21. Qf2 Qe4+ 22. Qe2 Qd5 23. Qc4 Qxc4 24. Bxc4 Nd4 25. Kf2 Nxc2 26. Rxb7 Rc8 27. Bd3 Nd4 28. Rb4 Nf5 29. Ba6 Rd8 30. Rc4 Rb8 31. Rxc3 Rb6 32. Bd3 Ne7 33. Be4 Bc6 34. Bxc6+ Nxc6 35. Rd1 Ne7 36. Rcd3 Nd5 37. g3 Rc6 38. Be3 Kd7 39. h4 Rb8 40. R1d2 Rb1 41. Kg2 Ke8 42. Bf2 Kf8 43. Bxa7 Kg7 44. Bf2 Rc4 45. Rd4 Rcc1 46. a4 Ra1 47. Rb2 Nc3 48. Rb7 Nd1 49. Rd2 Nxf2 50. Kxf2 Rf1+ 51. Kg2 Rg1+ 52. Kh3 Ra3 53. Rg2 Rh1+ 54. Kg4 Rxa4 55. Rd2 Ra8 56. Rdd7 Rf8 57. Kg5 Rh2 58. g4 Rh1 59. h5 Rh2 60. f5 exf5 61. e6 fxg4 62. Rxf7+ Rxf7 63. Rxf7+ Kg8 64. Kg6 Re2 65. Rf6 g3 66. h6 Rh2 67. e7 1-0

[Event "FIDE World Blitz-ch Women 2018"]
[Site "St. Petersburg"]
[Date "2018.12.30"]
[Round "12.5"]
[White "Cramling, Pia"]
[Black "Stefanova, Antoaneta"]
[Result "1/2-1/2"]
[WhiteElo "2465"]
[BlackElo "2486"]
[Annotator "ChessBase"]
[PlyCount "40"]
[EventDate "2018.12.19"]
[EventType "swiss"]
[EventCountry "RUS"]
[SourceTitle "playchess.com"]
[Source "ChessBase"]
[SourceQuality "1"]

1. d4 d5 2. Nf3 Nf6 3. c4 c6 4. Qb3 e6 5. g3 Nbd7 6. Bg2 Be7 7. O-O O-O 8. Bf4 b6 9. Nbd2 Bb7 10. Ne5 c5 11. Nxd7 Qxd7 12. dxc5 Bxc5 13. Rad1 Qe7 14. Bg5 dxc4 15. Qxc4 Bxg2 16. Kxg2 Rac8 17. Qb3 h6 18. Bxf6 Qxf6 19. Ne4 Qe7 20. Nxc5 Rxc5 1/2-1/2

[Event "FIDE World Blitz-ch Women 2018"]
[Site "St. Petersburg"]
[Date "2018.12.30"]
[Round "12.6"]
[White "Mamedjarova, Zeinab"]
[Black "Dzagnidze, Nana"]
[Result "1/2-1/2"]
[WhiteElo "2338"]
[BlackElo "2513"]
[Annotator "ChessBase"]
[PlyCount "114"]
[EventDate "2018.12.19"]
[EventType "swiss"]
[EventCountry "RUS"]
[SourceTitle "playchess.com"]
[Source "ChessBase"]
[SourceQuality "1"]

1. d4 d5 2. Nf3 Nf6 3. e3 Bf5 4. Bd3 Ne4 5. O-O e6 6. Ne5 Nd7 7. c3 Bd6 8. Nxd7 Qxd7 9. Qc2 Bg6 10. f3 Nf6 11. e4 dxe4 12. fxe4 e5 13. Nd2 O-O-O 14. Nf3 Qg4 15. dxe5 Bc5+ 16. Kh1 Bxe4 17. Bxe4 Nxe4 18. Nd4 Qg6 19. Nf5 Qg4 20. Be3 Bxe3 21. Nxe3 Qg6 22. Nf5 Qg4 23. Rae1 Rd2 24. Qxe4 Qxe4 25. Rxe4 Rxb2 26. e6 fxe6 27. Rxe6 g6 28. Nd4 Rxa2 29. h4 Ra3 30. c4 Ra4 31. Rc1 Rd8 32. Nf3 a5 33. Re7 h5 34. Ne5 b6 35. Nxg6 Ra2 36. Nf4 a4 37. Nd5 Kb8 38. Rxc7 a3 39. Rc6 Ka7 40. Rc7+ Ka6 41. Rb1 Rb2 42. Ra1 Rb3 43. Kh2 Rg8 44. Rc6 Rg4 45. Rh6 Rxh4+ 46. Kg1 Rxc4 47. Rxh5 Rc2 48. Rh6 Ka5 49. Rxb6 Rxb6 50. Rxa3+ Kb5 51. Rb3+ Kc4 52. Rxb6 Kxd5 53. Rf6 Ke5 54. Rf2 Rxf2 55. Kxf2 Kf4 56. Ke2 Kg3 57. Kf1 Kf4 1/2-1/2

[Event "FIDE World Blitz-ch Women 2018"]
[Site "St. Petersburg"]
[Date "2018.12.30"]
[Round "12.7"]
[White "Ju, Wenjun"]
[Black "Buksa, Nataliya"]
[Result "1-0"]
[WhiteElo "2575"]
[BlackElo "2410"]
[Annotator "ChessBase"]
[PlyCount "83"]
[EventDate "2018.12.19"]
[EventType "swiss"]
[EventCountry "RUS"]
[SourceTitle "playchess.com"]
[Source "ChessBase"]
[SourceQuality "1"]

1. d4 d5 2. c4 e6 3. Nf3 Nf6 4. g3 Bb4+ 5. Bd2 Be7 6. Bg2 O-O 7. O-O c6 8. Qc2 Nbd7 9. Rd1 a5 10. b3 b5 11. Bc3 bxc4 12. bxc4 Ba6 13. Nbd2 Qc7 14. Bb2 c5 15. cxd5 Nxd5 16. Ne4 Rac8 17. Rac1 Qb6 18. dxc5 Bxc5 19. Nxc5 Rxc5 20. Qd2 N7f6 21. Bd4 Rfc8 22. Bxc5 Rxc5 23. Rxc5 Qxc5 24. Rc1 Qb6 25. Qd4 Qb7 26. e4 e5 27. Nxe5 Qb4 28. Qa7 h6 29. exd5 Qb2 30. Re1 Bb7 31. Qb8+ Kh7 32. Nxf7 Qc3 33. Qe5 Qb4 34. Nd6 Ba6 35. Nf5 Bd3 36. a3 Qd2 37. Qe3 Qc3 38. Rd1 Qxa3 39. Qxd3 Qa4 40. Ne7+ Kh8 41. Rc1 Qe8 42. Rc8 1-0

[Event "FIDE World Blitz-ch Women 2018"]
[Site "St. Petersburg"]
[Date "2018.12.30"]
[Round "12.8"]
[White "Ambartsumova, Karina"]
[Black "Ushenina, Anna"]
[Result "0-1"]
[WhiteElo "2383"]
[BlackElo "2440"]
[Annotator "NA"]
[PlyCount "126"]
[EventDate "2018.12.19"]
[EventType "swiss"]
[EventCountry "RUS"]
[SourceTitle "playchess.com"]
[Source "ChessBase"]
[SourceQuality "1"]

1. Nf3 d5 2. d4 e6 3. c4 Nf6 4. Nc3 c5 5. cxd5 Nxd5 6. e3 Nc6 7. Be2 cxd4 8. exd4 Be7 9. O-O O-O 10. Re1 b6 11. a3 Bb7 12. Bd3 Rc8 13. Bc2 Nxc3 14. bxc3 Bf6 15. Qd3 g6 16. Bh6 Re8 17. Rad1 Qd5 18. Bf4 Red8 19. Qe3 Ne7 20. Be5 Bg7 21. Bxg7 Kxg7 22. Rc1 Qh5 23. Be4 Bxe4 24. Qxe4 Rc7 25. Ne5 Nd5 26. c4 Nf6 27. Qe3 Rdc8 28. h3 Qh6 29. Rcd1 Qxe3 30. Rxe3 Nd7 31. Nxd7 Rxd7 32. Rc3 Rcd8 33. Rcd3 Kf6 34. Kf1 Ke7 35. Ke2 Kd6 36. Ke3 Kc6 37. g4 Kd6 38. Ke4 Rc8 39. Rc3 Rdc7 40. Kd3 b5 41. c5+ Kc6 42. Ke4 Rd7 43. Rcd3 Rd5 44. f4 Rcd8 45. g5 h6 46. h4 Rh8 47. Rf1 hxg5 48. hxg5 Rh4 49. Rf2 Rxg5 50. Rd1 Rf5 51. Ke3 Rh3+ 52. Ke4 g5 53. Rg1 Rh4 54. Ke3 gxf4+ 55. Ke2 f3+ 56. Ke3 Kd5 57. Rg8 Re4+ 58. Kd3 Rxd4+ 59. Kc3 Rc4+ 60. Kb3 Rxc5 61. Rd8+ Ke4 62. Ra8 Ke3 63. Rb2 f2 0-1

[Event "FIDE World Blitz-ch Women 2018"]
[Site "St. Petersburg"]
[Date "2018.12.30"]
[Round "12.9"]
[White "Bivol, Alina"]
[Black "Koneru, Humpy"]
[Result "1-0"]
[WhiteElo "2393"]
[BlackElo "2541"]
[Annotator "ChessBase"]
[PlyCount "75"]
[EventDate "2018.12.19"]
[EventType "swiss"]
[EventCountry "RUS"]
[SourceTitle "playchess.com"]
[Source "ChessBase"]
[SourceQuality "1"]

1. Nf3 Nf6 2. g3 d5 3. Bg2 e6 4. O-O Be7 5. d4 O-O 6. c4 c6 7. Qc2 b6 8. b3 Bb7 9. Nc3 Nbd7 10. e4 c5 11. exd5 exd5 12. Rd1 dxc4 13. bxc4 cxd4 14. Nxd4 Bxg2 15. Kxg2 Qc8 16. Nf5 Qb7+ 17. Nd5 Rfe8 18. Bf4 Bf8 19. Kg1 Rac8 20. Qb3 Ne4 21. Rac1 Ne5 22. Re1 Nc5 23. Qc3 Ng6 24. Bh6 f6 25. Bxg7 Bxg7 26. Nd6 Qd7 27. Nxc8 Rxc8 28. h4 Qf7 29. h5 Ne5 30. Re3 Rd8 31. f4 Ng4 32. Re7 Qxh5 33. Rc2 Kf8 34. Rxa7 Ne4 35. Qa3+ Kg8 36. Qe7 Qg6 37. Qxd8+ Bf8 38. Ne7+ 1-0

[Event "FIDE World Blitz-ch Women 2018"]
[Site "St. Petersburg"]
[Date "2018.12.30"]
[Round "12.10"]
[White "Tan, Zhongyi"]
[Black "Girya, Olga"]
[Result "0-1"]
[WhiteElo "2508"]
[BlackElo "2454"]
[Annotator "TA"]
[PlyCount "110"]
[EventDate "2018.12.19"]
[EventType "swiss"]
[EventCountry "RUS"]
[SourceTitle "playchess.com"]
[Source "ChessBase"]
[SourceQuality "1"]

1. d4 d5 2. c4 c6 3. Nf3 Nf6 4. Nc3 e6 5. Bg5 Be7 6. e3 h6 7. Bh4 Nbd7 8. Rc1 O-O 9. Bd3 dxc4 10. Bxc4 b5 11. Bd3 a6 12. a4 Bb7 13. O-O Rc8 14. Qe2 b4 15. Ne4 Qa5 16. b3 c5 17. Nxf6+ Bxf6 18. Bxf6 Nxf6 19. dxc5 Nd5 20. Ne5 Nc3 21. Qg4 Qxc5 22. Nd7 Qd6 23. Nf6+ Kh8 24. Nh5 Rg8 25. Bc4 Qe5 26. Nf4 Rge8 27. Nd3 Qd6 28. Nf4 Qe5 29. h3 Qg5 30. Qxg5 hxg5 31. Nd3 a5 32. Kh2 Red8 33. Ne5 Kg8 34. Rc2 Kf8 35. f4 Rc5 36. Ng4 Ke7 37. fxg5 Rxg5 38. Rcf2 f6 39. Rg1 Rc5 40. Rf4 Bd5 41. Bxd5 Rdxd5 42. Nf2 Ne2 43. Rg4 Nxg1 44. Kxg1 Kf7 45. Ne4 Rc1+ 46. Kh2 Rb1 47. Ng3 Rxb3 48. Rc4 Rxe3 49. h4 b3 50. h5 Ke7 51. Rc7+ Rd7 52. Rc5 Rb7 53. Nf1 Re1 54. Nd2 b2 55. Rxa5 Rd1 0-1

[Event "FIDE World Blitz-ch Women 2018"]
[Site "St. Petersburg"]
[Date "2018.12.30"]
[Round "12.12"]
[White "Bodnaruk, Anastasia"]
[Black "Voit, Daria"]
[Result "1-0"]
[WhiteElo "2420"]
[BlackElo "2358"]
[Annotator "NA"]
[PlyCount "57"]
[EventDate "2018.12.19"]
[EventType "swiss"]
[EventCountry "RUS"]
[SourceTitle "playchess.com"]
[Source "ChessBase"]
[SourceQuality "1"]

1. e4 c5 2. b3 d6 3. Bb2 Nf6 4. Nc3 g6 5. d4 cxd4 6. Qxd4 Bg7 7. O-O-O Nc6 8. Qd2 O-O 9. Kb1 a6 10. Bd3 b5 11. f4 Be6 12. Nf3 b4 13. Na4 Qc7 14. h3 Bd7 15. g4 Rfb8 16. g5 Nh5 17. Bxg7 Nxg7 18. Nb2 a5 19. Bc4 Na7 20. f5 gxf5 21. g6 hxg6 22. Qh6 e6 23. Ng5 d5 24. Qh7+ Kf8 25. Qh8+ Ke7 26. Qxg7 Rf8 27. exd5 Qf4 28. d6+ Ke8 29. Nh7 1-0

[Event "FIDE World Blitz-ch Women 2018"]
[Site "St. Petersburg"]
[Date "2018.12.30"]
[Round "12.13"]
[White "Vega Gutierrez, Sabrina"]
[Black "Paehtz, Elisabeth"]
[Result "0-1"]
[WhiteElo "2390"]
[BlackElo "2487"]
[Annotator "ChessBase"]
[PlyCount "66"]
[EventDate "2018.12.19"]
[EventType "swiss"]
[EventCountry "RUS"]
[SourceTitle "playchess.com"]
[Source "ChessBase"]
[SourceQuality "1"]

1. e4 c5 2. d3 d6 3. g3 g6 4. Bg2 Bg7 5. f4 e5 6. Nf3 Nc6 7. O-O Nge7 8. c3 O-O 9. Be3 b6 10. Na3 exf4 11. Bxf4 d5 12. exd5 Nxd5 13. Bg5 f6 14. Bd2 Be6 15. Nc4 Qd7 16. Ne3 Rad8 17. Nxd5 Bxd5 18. Qc2 Bf7 19. Rad1 Qxd3 20. Qa4 Na5 21. Bf4 Qc4 22. Qxc4 Bxc4 23. Rfe1 Bxa2 24. Rxd8 Rxd8 25. Re7 Rd1+ 26. Kf2 Nc6 27. Rc7 Bd5 28. Nd2 Bxg2 29. Kxg2 Ne5 30. Bxe5 Rxd2+ 31. Kf3 fxe5 32. b4 cxb4 33. cxb4 Rb2 0-1

[Event "FIDE World Blitz-ch Women 2018"]
[Site "St. Petersburg"]
[Date "2018.12.30"]
[Round "12.14"]
[White "Mammadova, Gulnar"]
[Black "Muzychuk, Anna"]
[Result "0-1"]
[WhiteElo "2368"]
[BlackElo "2569"]
[Annotator "TA"]
[PlyCount "106"]
[EventDate "2018.12.19"]
[EventType "swiss"]
[EventCountry "RUS"]
[SourceTitle "playchess.com"]
[Source "ChessBase"]
[SourceQuality "1"]

1. e4 e5 2. Nf3 Nc6 3. Bc4 Bc5 4. O-O Nf6 5. d3 d6 6. c3 h6 7. a4 a5 8. Na3 O-O 9. Nc2 Be6 10. Bxe6 fxe6 11. Be3 Bxe3 12. Nxe3 b6 13. Qc2 Nh5 14. d4 Rxf3 15. gxf3 exd4 16. Ng4 Nf4 17. Rad1 e5 18. cxd4 Nxd4 19. Kh1 Kh7 20. Rxd4 exd4 21. e5+ Kh8 22. Qe4 Qf8 23. Qxd4 Ng6 24. Qe4 Nxe5 25. Nxe5 dxe5 26. Rd1 Re8 27. Rd7 Re7 28. Rd3 Qe8 29. Rd5 Re6 30. b3 Qf7 31. Rd8+ Re8 32. Rd5 Qe6 33. Rd3 Rf8 34. Kg2 Qf6 35. Re3 Qg5+ 36. Kf1 Re8 37. Qc6 Rd8 38. Qxc7 Rd1+ 39. Ke2 Rd8 40. Qxe5 Qg1 41. Rd3 Rc8 42. Rd2 Qb1 43. Qe6 Rf8 44. Qe3 Qg6 45. Qd3 Qe6+ 46. Qe3 Qg6 47. Qd3 Qe6+ 48. Kd1 Rc8 49. Rc2 Rf8 50. Re2 Qf6 51. Rc2 Qa1+ 52. Ke2 Re8+ 53. Kd2 Qe1# 0-1

[Event "FIDE World Blitz-ch Women 2018"]
[Site "St. Petersburg"]
[Date "2018.12.30"]
[Round "12.15"]
[White "Mamedjarova, Turkan"]
[Black "Michna, Marta"]
[Result "1-0"]
[WhiteElo "2295"]
[BlackElo "2333"]
[Annotator "NA"]
[PlyCount "93"]
[EventDate "2018.12.19"]
[EventType "swiss"]
[EventCountry "RUS"]
[SourceTitle "playchess.com"]
[Source "ChessBase"]
[SourceQuality "1"]

1. d4 Nf6 2. Nf3 d6 3. c4 Nbd7 4. Nc3 e5 5. d5 g6 6. g3 Bg7 7. Bg2 O-O 8. O-O a5 9. Qc2 Nc5 10. e4 Bg4 11. Re1 Qc8 12. Be3 b6 13. a3 Bxf3 14. Bxf3 Ng4 15. Bxg4 Qxg4 16. Bxc5 bxc5 17. Nb5 Rfc8 18. Kg2 h5 19. f3 Qd7 20. Qd2 a4 21. b4 axb3 22. Reb1 Kh7 23. a4 Bh6 24. Qc3 f5 25. exf5 gxf5 26. Rxb3 e4 27. fxe4 Bg7 28. Qc1 Bxa1 29. Qxa1 fxe4 30. Re3 Qg4 31. h3 Qf5 32. Qe1 Rxa4 33. Nc3 Rxc4 34. g4 Qg6 35. Rg3 h4 36. Re3 Rf8 37. Qxh4+ Kg7 38. Qg3 Qf6 39. Qe1 Re8 40. Qd2 Qd4 41. Qe1 Qf6 42. Qd2 Rf8 43. Qe1 Qf4 44. Qe2 Rb4 45. Nxe4 Rb1 46. Ng3 Kh8 47. Nf5 1-0

[Event "FIDE World Blitz-ch Women 2018"]
[Site "St. Petersburg"]
[Date "2018.12.30"]
[Round "12.16"]
[White "Guichard, Pauline"]
[Black "Murashova, Ekaterina"]
[Result "1-0"]
[WhiteElo "2378"]
[BlackElo "2259"]
[Annotator "NA"]
[PlyCount "87"]
[EventDate "2018.12.19"]
[EventType "swiss"]
[EventCountry "RUS"]
[SourceTitle "playchess.com"]
[Source "ChessBase"]
[SourceQuality "1"]

1. d4 d5 2. Bf4 Nf6 3. e3 c5 4. Nf3 Nc6 5. Nbd2 Bg4 6. c3 e6 7. Qb3 Qb6 8. Ne5 Nxe5 9. Bxe5 Nd7 10. Bb5 c4 11. Bxd7+ Kxd7 12. Qc2 f6 13. Bg3 Bd6 14. e4 Bxg3 15. hxg3 dxe4 16. Nxc4 Qc6 17. Ne3 Bf5 18. g4 Bg6 19. d5 exd5 20. Rd1 Rad8 21. c4 Kc8 22. Rxd5 Rxd5 23. Nxd5 Kb8 24. Qe2 Bf7 25. Ne3 h6 26. b4 Rd8 27. O-O Rd4 28. Rc1 Qd6 29. Nf5 Qf4 30. Rc2 Rd3 31. Nxg7 Qg5 32. Nf5 Qf4 33. g3 Qe5 34. Kg2 Be6 35. Ne3 Qd4 36. c5 Bd7 37. Qe1 Bc6 38. Rc4 Qd7 39. Qc1 a6 40. Qc2 Bb5 41. Rc3 Bc6 42. a4 Rxc3 43. Qxc3 Bxa4 44. Qxf6 1-0

[Event "FIDE World Blitz-ch Women 2018"]
[Site "St. Petersburg"]
[Date "2018.12.30"]
[Round "12.17"]
[White "Abdumalik, Zhansaya"]
[Black "Mirzoeva, Elmira"]
[Result "1-0"]
[WhiteElo "2470"]
[BlackElo "2281"]
[Annotator "ChessBase"]
[PlyCount "99"]
[EventDate "2018.12.19"]
[EventType "swiss"]
[EventCountry "RUS"]
[SourceTitle "playchess.com"]
[Source "ChessBase"]
[SourceQuality "1"]

1. e4 d6 2. d4 Nf6 3. Nc3 e5 4. Nf3 Nbd7 5. Bc4 Be7 6. O-O O-O 7. Re1 c6 8. a4 a5 9. Bf1 exd4 10. Nxd4 Nc5 11. h3 Re8 12. g3 Bf8 13. Bg2 h6 14. f4 Qb6 15. Kh2 Bd7 16. b3 Rad8 17. Bb2 Bc8 18. Qd2 g6 19. Rad1 Bg7 20. Qf2 h5 21. Kg1 Re7 22. Ba3 Ne8 23. e5 dxe5 24. Nxc6 Red7 25. Nxd8 Rxd8 26. Rxd8 Qxd8 27. Bxc5 exf4 28. Nd5 fxg3 29. Qe3 Kh7 30. Qxe8 Qh4 31. Qe4 Qg5 32. Be7 Qd2 33. Nf6+ Kh8 34. Qe3 Qxc2 35. Bd8 Be6 36. Ne8 Bc3 37. Bf6+ Bxf6 38. Nxf6 Kg7 39. Qe5 Qf2+ 40. Kh1 Qxf6 41. Qxf6+ Kxf6 42. Bxb7 Bxh3 43. Bd5 Be6 44. Bxe6 fxe6 45. Kg2 h4 46. Re4 g5 47. Rc4 Ke7 48. Rc5 Kf6 49. Rxa5 g4 50. Rh5 1-0